Martín Lutero : Antología / Martín Lutero (Registro nro. 35028)
[ vista simple ]
| 000 -LÍDER | |
|---|---|
| Campo fijo de descripción fija | 005530000a22001810004500 |
| 041 0# - CÓDIGO DE IDIOMA | |
| Código de idioma para texto/pista de sonido o título separado | |
| 082 04 - NÚMERO DE CLASIFICACIÓN DECIMAL DEWEY | |
| Número de clasificación | G 238.4 L9731m |
| 001 - NÚMERO DE CONTROL | |
| Campo de control | 4428 |
| 100 1# - ASIENTO PRINCIPAL--NOMBRE PERSONAL | |
| Nombre personal | Lutero, Martín (1483-1546) |
| 245 10 - TÍTULO | |
| Título del Material | Martín Lutero : Antología / Martín Lutero |
| 260 ## - PUBLICACIÓN, DISTRIBUCIÓN, ETC. (PIE DE IMPRENTA) | |
| Lugar de publicación, distribución, etc. | Barcelona, España : Producciones Editoriales del Nordeste |
| 300 ## - DESCRIPCIÓN FÍSICA | |
| Extensión | 213 Pag |
| 336 ## - CONTENT TYPE | |
| Content type term | texto |
| Content type code | txt |
| Source | rdacontent |
| 337 ## - MEDIA TYPE | |
| Source | rdamedia |
| Media type term | sin mediación |
| Media type code | n |
| 338 ## - CARRIER TYPE | |
| Source | rdacarrier |
| Carrier type term | volumen |
| Carrier type code | nc |
| 650 14 - ASIENTO SECUNDARIO DE MATERIA - TERMINO TEMÁTICO | |
| Término temático o nombre geográfico como elemento de entrada | LUTERO, MARTIN, 1483-1546 \ IGLESIA LUTERANA - CATECISMOS Y CREDOS |
| 942 ## - TIPO DE MATERIAL (KOHA) | |
| Tipo de Item KOHA | Libros General |
| Estado de Material | Estado de Perdido | Estado de Dañado | No para Préstamo | Colección | Tomo | Biblioteca de Origen | Biblioteca Permanente | Fecha de Adquisición | Total de Préstamos | Total de Renovaciones | Signatura Topográfica | Código de Barras | Última vez visto | Última vez Préstado | Ejemplar/Existencia | Fecha de Remplazo | Tipo de Material |
|---|---|---|---|---|---|---|---|---|---|---|---|---|---|---|---|---|---|
| Colección General | Biblioteca FUSBC | Biblioteca FUSBC | 07/12/2004 | 2 | 2 | G 238.4 L9731m | 3728 | 12/12/2019 | 19/10/2017 | 1 | 26/01/2016 | Libros General | |||||
| Colección General | Biblioteca FUSBC | Biblioteca FUSBC | 07/12/2004 | 2 | G 238.4 L9731m | 3729 | 27/02/2024 | 14/03/2022 | 2 | 26/01/2016 | Libros General |
